| 000 | 00464nam a2200181Ia 4500 | ||
|---|---|---|---|
| 008 | 240925s9999 xx 000 0 und d | ||
| 020 | _aNA | ||
| 082 | _a413 HAQ | ||
| 100 | _aHaq ,Molvi Abdul | ||
| 245 | 4 | _aThe Students Standard English Urdu Dictionary | |
| 250 | _aNA | ||
| 260 |
_aKarachi: _bAnjuman Taraqa Urdu _c,1992. |
||
| 300 |
_a1096p. _bNA _fPirated |
||
| 500 | _aNA | ||
| 600 | _aHumanities & Natural Science | ||
| 650 | _aLinguistics | ||
| 942 | _cBK | ||
| 999 |
_c3469 _d3469 |
||